[Event "Oberliga Sued W 1011"]
[Site "Germany"]
[Date "2011.03.20"]
[Round "8.8"]
[White "Kuhn, Patrick"]
[Black "Mueller, Hans Georg"]
[Result "0-1"]
[WhiteElo "1737"]
[BlackElo "2198"]
[PlyCount "57"]
[EventDate "2010.10.10"]
[EventType "team-tourn"]
[EventRounds "9"]
[EventCountry "GER"]
[SourceTitle "EXT 2012"]
[Source "ChessBase"]
[SourceDate "2011.11.24"]
[SourceVersion "1"]
[SourceVersionDate "2011.11.24"]
[SourceQuality "1"]
[WhiteTeam "Illingen"]
[BlackTeam "Saarbruecken SVG"]
[WhiteTeamCountry "GER"]
[BlackTeamCountry "GER"]

1. c4 g6 2. Nc3 Bg7 3. g3 e5 4. Bg2 d6 5. e4 Nh6 6. Nge2 0-0 7. 0-0 f5 8. d3 Nc6 9. Rb1 Kh8 10. b4 f4 11. f3 g5 12. g4 Be6 13. a4 a6 14. b5 axb5 15. axb5 Nd4 16. Nxd4 exd4 17. Ne2 c5 18. bxc6 bxc6 19. Bb2 c5 20. h3 Nf7 21. Ra1 Qb8 22. Rb1 Qc7 23. Qc2 Ne5 24. Ra1 Bd7 25. Rxa8 Rxa8 26. Ra1 Rxa1+ 27. Bxa1 Qa5 28. Qb1 h6 29. Qb8+ 0-1

[Event "GER Cup final"]
[Site "Halle"]
[Date "2010.05.13"]
[Round "2"]
[White "Mueller, Hans Georg"]
[Black "Vatter, Hans Joachim"]
[Result "0-1"]
[WhiteElo "2263"]
[BlackElo "2328"]
[PlyCount "60"]
[EventDate "2010.05.13"]
[EventType "swiss"]
[EventRounds "5"]
[EventCountry "GER"]
[SourceTitle "CBM 136 Extra"]
[Source "ChessBase"]
[SourceDate "2010.07.02"]
[SourceVersion "2"]
[SourceVersionDate "2010.07.15"]
[SourceQuality "1"]

1. e4 d5 2. exd5 Qxd5 3. Nf3 Bg4 4. Be2 Nc6 5. d4 0-0-0 6. c4 Qf5 7. Be3 Bxf3 8. Bxf3 Nxd4 9. Bg4 Nc2+ 10. Qxc2 Qxg4 11. 0-0 Qg6 12. Qa4 Qa6 13. Qxa6 bxa6 14. Bxa7 e6 15. Be3 Nf6 16. h3 Ne4 17. Na3 Bxa3 18. bxa3 Rd3 19. Rfe1 Rhd8 20. a4 Nd6 21. Rec1 Nf5 22. Bc5 Kb7 23. Kf1 Kc6 24. Bb4 e5 25. Rab1 f6 26. a5 h5 27. g3 h4 28. g4 Nd4 29. Rc3 Rxc3 30. Bxc3 Ne6 0-1

[Event "Oberliga Sued W 0910"]
[Site "Germany"]
[Date "2009.11.30"]
[Round "3.1"]
[White "Becking, Stephan"]
[Black "Mueller, Hans Georg"]
[Result "0-1"]
[WhiteElo "2406"]
[BlackElo "2292"]
[PlyCount "98"]
[EventDate "2009.10.18"]
[EventType "team-tourn"]
[EventRounds "9"]
[EventCountry "GER"]
[SourceTitle "EXT 2011"]
[Source "ChessBase"]
[SourceDate "2010.11.26"]
[SourceVersion "1"]
[SourceVersionDate "2010.11.26"]
[SourceQuality "1"]
[WhiteTeam "Illingen"]
[BlackTeam "Wadgassen/Differten"]
[WhiteTeamCountry "GER"]
[BlackTeamCountry "GER"]

1. d4 g6 2. Nf3 Bg7 3. c4 Nf6 4. g3 0-0 5. Bg2 d5 6. cxd5 Nxd5 7. 0-0 Nc6 8. e4 Nb6 9. d5 Na5 10. Qc2 c6 11. Bd2 Nac4 12. Bc3 cxd5 13. Rd1 Nd6 14. exd5 Bf5 15. Qe2 Rc8 16. Bxg7 Kxg7 17. Nc3 Re8 18. Nd4 Bd7 19. Rd3 Qc7 20. b3 Qc5 21. Qb2 Kg8 22. Rc1 Na8 23. Nce2 Qb6 24. Re1 Nc7 25. Nf4 Ncb5 26. Nxb5 Bxb5 27. Rde3 Rc7 28. Bh3 a5 29. Re5 Qc5 30. Ne6 Qc3 31. Qxc3 Rxc3 32. Nd4 Rc7 33. Nxb5 Nxb5 34. d6 Nxd6 35. Rxa5 Rc2 36. Bd7 Rd8 37. Bg4 Kf8 38. Ra4 h5 39. Bf3 Rdc8 40. Re2 Rc1+ 41. Kg2 Ra1 42. Ra7 Rc7 43. Rb2 Kg7 44. b4 Rcc1 45. h4 e5 46. Re2 Nb5 47. Rxb7 Nd4 48. Rxe5 Rh1 49. Bd1 Rhxd1 0-1

[Event "Deizisau op 4th"]
[Site "Deizisau"]
[Date "2009.10.31"]
[Round "4"]
[White "Mueller, Hans Georg"]
[Black "Hantak, Adam"]
[Result "0-1"]
[WhiteElo "2292"]
[BlackElo "2191"]
[PlyCount "110"]
[EventDate "2009.10.29"]
[EventType "swiss"]
[EventRounds "7"]
[EventCountry "GER"]
[SourceTitle "EXT 2010"]
[Source "ChessBase"]
[SourceDate "2010.11.25"]
[SourceVersion "1"]
[SourceVersionDate "2010.11.25"]
[SourceQuality "1"]

1. g3 d6 2. Bg2 g6 3. d4 Bg7 4. e4 Nf6 5. Ne2 0-0 6. 0-0 e5 7. h3 Nc6 8. d5 Ne7 9. c4 Nh5 10. Nec3 f5 11. exf5 Bxf5 12. Ne4 Bxe4 13. Bxe4 Nf6 14. Bg2 Nf5 15. Bg5 h6 16. Bd2 Rf7 17. Bc3 Qf8 18. Nd2 Re8 19. Ne4 Nd4 20. Qd3 Nh5 21. b4 Qe7 22. a4 Ref8 23. Ra3 Qd7 24. b5 Rf3 25. Qd1 Qf5 26. Bxd4 Rxa3 27. Bb2 Rf3 28. Qxf3 Qxf3 29. Bxf3 Rxf3 30. Bc3 Nf6 31. Nxf6+ Bxf6 32. Rc1 Kg7 33. a5 Rd3 34. Kf1 e4 35. Be1 Bd4 36. Ke2 Ra3 37. Rc2 Kf6 38. h4 Kf5 39. Bd2 g5 40. hxg5 hxg5 41. Bb4 Rb3 42. Bd2 Rf3 43. Be1 Kg4 44. Kd1 Rd3+ 45. Ke2 Rf3 46. Kd1 e3 47. fxe3 Rxe3 48. Re2 Rxe2 49. Kxe2 Be5 50. Ke3 Bxg3 51. Bxg3 Kxg3 52. c5 b6 53. axb6 axb6 54. cxd6 cxd6 55. Ke4 Kg4 0-1

[Event "GER-ch 80th"]
[Site "Saarbruecken"]
[Date "2009.02.14"]
[Round "9"]
[White "Mueller, Hans Georg"]
[Black "Von Herman, Ulf"]
[Result "0-1"]
[WhiteElo "2250"]
[BlackElo "2378"]
[PlyCount "58"]
[EventDate "2009.02.06"]
[EventType "swiss"]
[EventRounds "9"]
[EventCountry "GER"]
[SourceTitle "CBM 128 Extra"]
[Source "ChessBase"]
[SourceDate "2009.03.05"]
[SourceVersion "2"]
[SourceVersionDate "2009.03.25"]
[SourceQuality "1"]

1. e4 c6 2. d4 d5 3. f3 g6 4. Be3 Bg7 5. Nc3 Qb6 6. exd5 Qxb2 7. Nge2 Nf6 8. Rb1 Qa3 9. dxc6 bxc6 10. Rb3 Qa5 11. Qb1 Nbd7 12. Bd2 0-0 13. Ne4 Qc7 14. c3 e5 15. dxe5 Nxe4 16. fxe4 Bxe5 17. g3 Nc5 18. Rb4 a5 19. Rc4 Qd6 20. Rd4 Qe7 21. Bg2 Ba6 22. Nf4 Rab8 23. Qc2 g5 24. Nh3 Bxd4 25. cxd4 Nd3+ 26. Kd1 Rb2 27. Qxc6 Nb4 28. Qc1 Rc2 29. Qa3 Qc7 0-1

[Event "GER-ch 80th"]
[Site "Saarbruecken"]
[Date "2009.02.08"]
[Round "3"]
[White "Jorczik, Julian Marcel"]
[Black "Mueller, Hans Georg"]
[Result "1/2-1/2"]
[WhiteElo "2381"]
[BlackElo "2250"]
[PlyCount "139"]
[EventDate "2009.02.06"]
[EventType "swiss"]
[EventRounds "9"]
[EventCountry "GER"]
[SourceTitle "CBM 128 Extra"]
[Source "ChessBase"]
[SourceDate "2009.03.05"]
[SourceVersion "2"]
[SourceVersionDate "2009.03.25"]
[SourceQuality "1"]

1. d4 d6 2. e4 Nf6 3. Nc3 g6 4. h3 Bg7 5. Be3 Nc6 6. Nf3 0-0 7. Be2 e5 8. dxe5 dxe5 9. Bc4 Qe7 10. Qe2 h6 11. 0-0 Na5 12. Bd3 Rd8 13. Rfd1 Nc6 14. Bb5 Nd4 15. Nxd4 exd4 16. Rxd4 Rxd4 17. Bxd4 c6 18. Bd3 Qb4 19. Bxf6 Bxf6 20. Nd1 Bd7 21. c3 Qa5 22. Qf3 Kg7 23. Ne3 h5 24. Nc4 Qc7 25. Qe3 b5 26. e5 Be7 27. Nd2 Rd8 28. Bc2 a5 29. a4 Be6 30. Nf3 b4 31. cxb4 axb4 32. Bb3 Bxb3 33. Qxb3 c5 34. Qc4 Ra8 35. b3 Qd8 36. h4 Ra7 37. Kh2 Qb8 38. Kh1 Qa8 39. Rd1 Qc8 40. Ra1 Qd8 41. Kg1 Qc7 42. Rd1 Qc8 43. g3 Qh3 44. Re1 Qf5 45. Kg2 Rd7 46. Re4 Rd1 47. Qe2 Rb1 48. Re3 Qe6 49. Qd3 Rc1 50. Nd2 Rd1 51. Kh2 Qc6 52. Qe4 Qxe4 53. Nxe4 c4 54. bxc4 Ra1 55. Nd2 Rxa4 56. Nb3 Ra2 57. Kg2 Rc2 58. Na5 Bc5 59. Rf3 Kg8 60. Nb3 Bb6 61. c5 Bxc5 62. Nxc5 Rxc5 63. Rb3 Rc4 64. Kf3 Kf8 65. Ke3 Ke7 66. Kd3 Rg4 67. Kd2 Rc4 68. Kd3 Rg4 69. Kd2 Rc4 70. Kd3 1/2-1/2

[Event "Saarland-ch MA"]
[Site "Heusweiler"]
[Date "2007.04.06"]
[Round "8"]
[White "Schwarz, Karsten"]
[Black "Mueller, Hans Georg"]
[Result "0-1"]
[WhiteElo "1968"]
[BlackElo "2245"]
[PlyCount "84"]
[EventDate "2007.03.30"]
[EventType "swiss"]
[EventRounds "9"]
[EventCountry "GER"]
[SourceTitle "EXT 2008"]
[Source "ChessBase"]
[SourceDate "2007.11.25"]
[SourceVersion "1"]
[SourceVersionDate "2007.11.25"]
[SourceQuality "1"]

1. Nc3 d5 2. e4 e6 3. Nf3 Nf6 4. exd5 Nxd5 5. d4 Nxc3 6. bxc3 Be7 7. Bd3 c5 8. 0-0 0-0 9. Qe2 Nc6 10. Rd1 Qc7 11. Ng5 h6 12. Qh5 cxd4 13. cxd4 Nb4 14. Bh7+ Kh8 15. Be4 f5 16. Bf3 Kg8 17. Nh3 Bd6 18. c4 Qf7 19. Bf4 Qxh5 20. Bxh5 Bxf4 21. Nxf4 Nc2 22. Rac1 Nxd4 23. Rxd4 e5 24. Ng6 exd4 25. Nxf8 Kxf8 26. Rd1 Be6 27. Rxd4 Rc8 28. Bf3 Rxc4 29. Rxc4 Bxc4 30. Bxb7 Bxa2 31. f4 Ke7 32. Kf2 Kd6 33. g3 a5 34. Ke3 Bd5 35. Bc8 Be6 36. Bb7 Kc5 37. Kd3 a4 38. Kc3 a3 39. Bf3 a2 40. Kb2 Kd4 41. h3 Ke3 42. Bd1 g6 0-1

[Event "Saarland-ch MA"]
[Site "Heusweiler"]
[Date "2007.04.04"]
[Round "6"]
[White "Spengler, Hanno"]
[Black "Mueller, Hans Georg"]
[Result "1/2-1/2"]
[WhiteElo "2076"]
[BlackElo "2245"]
[PlyCount "98"]
[EventDate "2007.03.30"]
[EventType "swiss"]
[EventRounds "9"]
[EventCountry "GER"]
[SourceTitle "EXT 2008"]
[Source "ChessBase"]
[SourceDate "2007.11.25"]
[SourceVersion "1"]
[SourceVersionDate "2007.11.25"]
[SourceQuality "1"]

1. e4 e6 2. d4 d5 3. Nd2 Nf6 4. e5 Nfd7 5. c3 c5 6. f4 Nc6 7. Nb3 cxd4 8. cxd4 h5 9. Nf3 g6 10. Bd3 Nb4 11. Be2 Be7 12. 0-0 Kf8 13. g3 a5 14. h3 a4 15. Nbd2 Nb6 16. Nb1 Bd7 17. Nc3 Rc8 18. Bd2 Kg7 19. b3 axb3 20. axb3 Ra8 21. Kg2 Nc6 22. Nb5 Rxa1 23. Qxa1 Nc8 24. g4 Qb6 25. gxh5 Rxh5 26. Rg1 Rh8 27. Qa4 N8a7 28. Nxa7 Ra8 29. Nc8 Rxc8 30. Bb5 Qd8 31. Ra1 Qh8 32. b4 Qh5 33. Bxc6 Rxc6 34. Qa8 Bc8 35. Rc1 Rxc1 36. Bxc1 Qh8 37. Bd2 Qd8 38. Qb8 b6 39. Kf2 Bd7 40. Qb7 Bb5 41. Kg3 Be2 42. Kf2 Bd3 43. Kg3 Kf8 44. Kg4 Be4 45. Ng5 Bf5+ 46. Kg3 Qe8 47. Qxb6 Qa4 48. Qc7 Qa3+ 49. Kf2 Bxg5 1/2-1/2

[Event "Hassloch op 21st"]
[Site "Hassloch"]
[Date "2006.06.06"]
[Round "7"]
[White "Riediger, Martin"]
[Black "Mueller, Hans Georg"]
[Result "1-0"]
[WhiteElo "2303"]
[BlackElo "2224"]
[PlyCount "81"]
[EventDate "2006.06.02"]
[EventType "swiss"]
[EventRounds "7"]
[EventCountry "GER"]
[SourceTitle "CBM 112 Extra"]
[Source "ChessBase"]
[SourceDate "2006.07.14"]
[SourceVersion "1"]
[SourceVersionDate "2006.07.14"]
[SourceQuality "1"]

1. d4 d6 2. e4 g6 3. Nf3 Bg7 4. Be2 Nc6 5. c3 e5 6. dxe5 dxe5 7. 0-0 h6 8. Qxd8+ Nxd8 9. Na3 a6 10. Nc4 Nc6 11. a4 Nge7 12. Be3 0-0 13. b4 f5 14. Nfd2 b6 15. f3 Rd8 16. Bf2 Bb7 17. Nb3 fxe4 18. fxe4 Na7 19. a5 Nb5 20. Rac1 Bxe4 21. axb6 Bd3 22. Bxd3 Rxd3 23. Nc5 Rxc3 24. b7 Re8 25. Rxc3 Nxc3 26. Nxa6 Nc6 27. Na5 Nb8 28. Nxb8 Rxb8 29. Ba7 Rxb7 30. Nxb7 e4 31. Nd8 Be5 32. Ne6 g5 33. Rf5 Bd6 34. Bc5 Kh7 35. g4 e3 36. Bxe3 Bxb4 37. Nxc7 Bd6 38. Ne8 Bf4 39. Bxf4 Ne2+ 40. Kf2 Nxf4 41. Rxf4 1-0

[Event "Saarlouis op 2nd"]
[Site "Saarlouis"]
[Date "1999.05.29"]
[Round "1"]
[White "Mueller, Hans Georg"]
[Black "Engel, Frank"]
[Result "1-0"]
[WhiteElo "2225"]
[BlackElo "1790"]
[PlyCount "71"]
[EventDate "1999.05.??"]
[EventType "swiss"]
[EventRounds "9"]
[EventCountry "GER"]
[SourceTitle "EXT 2006"]
[Source "ChessBase"]
[SourceDate "2005.11.24"]
[SourceVersion "1"]
[SourceVersionDate "2005.11.24"]
[SourceQuality "1"]

1. e4 c5 2. Nf3 Nc6 3. Bb5 e6 4. 0-0 Nge7 5. Re1 a6 6. Bxc6 Nxc6 7. d4 cxd4 8. Nxd4 Be7 9. Nxc6 bxc6 10. Qg4 g6 11. Bh6 Bf8 12. Bxf8 Kxf8 13. e5 d5 14. Nd2 Rb8 15. b3 a5 16. Rad1 Qe7 17. Re3 Rb4 18. c4 Ba6 19. Rf3 Kg7 20. a3 Rb7 21. h4 h5 22. Qf4 Rd8 23. Rd3 Rbb8 24. Rc3 Qxa3 25. g4 hxg4 26. Rg3 Qe7 27. Rxg4 a4 28. Ra1 Rb4 29. h5 dxc4 30. bxc4 Rh8 31. hxg6 fxg6 32. Ra3 Qf7 33. Qg5 c5 34. Rf4 Qe8 35. Qf6+ Kg8 36. Rg4 1-0

[Event "Oberliga Sued W 9697"]
[Site "Germany"]
[Date "1997.??.??"]
[Round "?"]
[White "Mueller, Hans Georg"]
[Black "Bruehl, Andreas"]
[Result "1/2-1/2"]
[WhiteElo "2260"]
[BlackElo "2135"]
[PlyCount "49"]
[EventDate "1996.10.??"]
[EventType "team"]
[EventRounds "9"]
[EventCountry "GER"]
[SourceTitle "EXT 2000"]
[Source "ChessBase"]
[SourceDate "1999.11.16"]
[SourceVersion "1"]
[SourceVersionDate "1999.11.16"]
[SourceQuality "1"]

1. e4 e5 2. Nf3 Nf6 3. d4 Nxe4 4. Bd3 d5 5. Nxe5 Bd6 6. 0-0 0-0 7. c4 Bxe5 8. dxe5 Nc6 9. cxd5 Qxd5 10. Qc2 Nb4 11. Bxe4 Nxc2 12. Bxd5 Bf5 13. g4 Bxg4 14. Be4 Nxa1 15. Na3 Rfd8 16. f3 Be6 17. Be3 Bxa2 18. Rxa1 Be6 19. Bxb7 Rab8 20. Be4 Rxb2 21. Bxa7 Rdd2 22. f4 Rxh2 23. Bd4 Ra2 24. Rb1 g6 25. Nb5 1/2-1/2

[Event "Oberliga Sued W 9596"]
[Site "Germany"]
[Date "1996.??.??"]
[Round "?"]
[White "Mueller, Hans Georg"]
[Black "Bastian, Herbert"]
[Result "0-1"]
[WhiteElo "2280"]
[BlackElo "2335"]
[PlyCount "106"]
[EventDate "1995.10.??"]
[EventType "team"]
[EventRounds "9"]
[EventCountry "GER"]
[SourceTitle "EXT 2000"]
[Source "ChessBase"]
[SourceDate "1999.11.16"]
[SourceVersion "1"]
[SourceVersionDate "1999.11.16"]
[SourceQuality "1"]

1. e4 c5 2. Nf3 a6 3. d4 cxd4 4. Nxd4 Qc7 5. Bd3 Nc6 6. Nxc6 bxc6 7. 0-0 Nf6 8. Qe2 e5 9. c4 d6 10. Nc3 Nd7 11. Be3 Rb8 12. Na4 Qa5 13. b3 Be7 14. Rac1 Nc5 15. Nxc5 dxc5 16. Qb2 Qc7 17. Rcd1 0-0 18. Bc2 Be6 19. Qa3 Qb6 20. Bd2 f6 21. Ba5 Qb7 22. Rd2 Rfe8 23. Bd1 Bf8 24. Rd3 Qf7 25. Rg3 h5 26. h4 Kh7 27. Be2 g6 28. Rd1 Qe7 29. Qa4 Qb7 30. Rgd3 f5 31. exf5 Bxf5 32. R3d2 e4 33. Bd8 e3 34. fxe3 Be7 35. Ba5 Bxh4 36. Bf3 Bg5 37. Qxc6 Bxe3+ 38. Kh1 Qxc6 39. Bxc6 Bxd2 40. Rxd2 Re6 41. Rd7+ Kh6 42. Bd2+ g5 43. Rc7 Re2 44. Bc3 Rc8 45. Rf7 Rxc6 46. Rxf5 h4 47. a3 h3 48. gxh3 Rd6 49. Rf6+ Rxf6 50. Bxf6 Re3 51. b4 Rxh3+ 52. Kg1 Rxa3 53. bxc5 Ra4 0-1

[Event "Oberliga Sued W 9697"]
[Site "Germany"]
[Date "1996.??.??"]
[Round "?"]
[White "Mueller, Hans Georg"]
[Black "Biehler, Thomas"]
[Result "1/2-1/2"]
[WhiteElo "2260"]
[BlackElo "2325"]
[PlyCount "60"]
[EventDate "1996.10.??"]
[EventType "team"]
[EventRounds "9"]
[EventCountry "GER"]
[SourceTitle "EXT 2000"]
[Source "ChessBase"]
[SourceDate "1999.11.16"]
[SourceVersion "1"]
[SourceVersionDate "1999.11.16"]
[SourceQuality "1"]

1. e4 Nf6 2. e5 Nd5 3. d4 d6 4. Bc4 Nb6 5. Bb3 dxe5 6. Qh5 e6 7. dxe5 a5 8. a4 Bb4+ 9. Nd2 0-0 10. c3 Be7 11. Bc2 g6 12. Qe2 Nd5 13. Ne4 b6 14. Bh6 Ba6 15. Qg4 Nc6 16. Nf6+ Bxf6 17. exf6 Qxf6 18. Qh3 Rfe8 19. 0-0-0 Qe5 20. Qh4 Rad8 21. Nf3 Qh5 22. Qxh5 gxh5 23. Rhg1 f6 24. Rde1 Kf7 25. Nh4 Ne5 26. Rxe5 fxe5 27. Nf3 Ne7 28. Nxe5+ Kf6 29. f4 Rg8 30. Bxh7 Nf5 1/2-1/2

[Event "Oberliga Sued W 9697"]
[Site "Germany"]
[Date "1996.??.??"]
[Round "?"]
[White "Parulava, Temur"]
[Black "Mueller, Hans Georg"]
[Result "1-0"]
[WhiteElo "2260"]
[BlackElo "2260"]
[PlyCount "124"]
[EventDate "1996.10.??"]
[EventType "team"]
[EventRounds "9"]
[EventCountry "GER"]
[SourceTitle "EXT 2000"]
[Source "ChessBase"]
[SourceDate "1999.11.16"]
[SourceVersion "1"]
[SourceVersionDate "1999.11.16"]
[SourceQuality "1"]

1. e4 c5 2. Nf3 e6 3. Nc3 Nc6 4. Bb5 Nge7 5. 0-0 a6 6. Bxc6 Nxc6 7. d4 cxd4 8. Nxd4 Qc7 9. Nxc6 bxc6 10. Qg4 d6 11. Qg3 Bb7 12. Re1 h5 13. b3 0-0-0 14. Na4 h4 15. Qh3 Be7 16. Bb2 c5 17. c4 Bf6 18. Rab1 Bc6 19. Nc3 Qb7 20. Nd5 Bxb2 21. Rxb2 Rd7 22. Nc3 g5 23. a3 f5 24. exf5 g4 25. Qd3 e5 26. Nd5 h3 27. g3 Rf7 28. Ne3 Rd8 29. b4 Be4 30. Qe2 Bf3 31. Qc2 Be4 32. Qc3 Bxf5 33. Nd5 Qc6 34. bxc5 Qxc5 35. Qb3 Kd7 36. Qb4 Qxb4 37. axb4 Be6 38. Ne3 Rb8 39. Ra1 Rb6 40. Kf1 Rf8 41. b5 Rfb8 42. Rd2 Kc7 43. bxa6 Rb1+ 44. Rd1 Rxd1+ 45. Rxd1 Ra8 46. Ra1 Kb6 47. Ke2 Rxa6 48. Rxa6+ Kxa6 49. f3 gxf3+ 50. Kxf3 Kb6 51. g4 Kc5 52. Ke4 Bf7 53. Kd3 Bg6+ 54. Kc3 e4 55. g5 Bf7 56. Kd2 Kd4 57. Ke2 Ke5 58. Kf2 Kf4 59. g6 Bxg6 60. Nd5+ Ke5 61. Ke3 Bf7 62. Nb6 Be6 1-0

[Event "St Ingbert op"]
[Site "St Ingbert"]
[Date "1995.??.??"]
[Round "5"]
[White "Mueller, Hans Georg"]
[Black "Bebchuk, Evgeni"]
[Result "0-1"]
[WhiteElo "2280"]
[BlackElo "2340"]
[PlyCount "78"]
[EventDate "1995.08.??"]
[EventType "swiss"]
[EventRounds "9"]
[EventCountry "GER"]
[SourceTitle "EXT 1997"]
[Source "ChessBase"]
[SourceDate "1996.11.15"]
[SourceVersion "1"]
[SourceVersionDate "1996.11.15"]
[SourceQuality "1"]

1. d4 Nf6 2. Nf3 e6 3. e3 b6 4. Nbd2 Bb7 5. Bd3 c5 6. 0-0 Be7 7. b3 Nc6 8. Bb2 cxd4 9. exd4 Nb4 10. Be2 Nbd5 11. Re1 Bb4 12. c4 Nc3 13. Qc1 Nxe2+ 14. Rxe2 0-0 15. Ba3 Qe7 16. Bxb4 Qxb4 17. a3 Qd6 18. Qc3 Rfc8 19. Re5 h6 20. h3 Qc7 21. Rc1 d6 22. Re3 b5 23. d5 bxc4 24. bxc4 e5 25. Nh4 Qd7 26. Qb2 Ba6 27. Rb3 Nh5 28. g4 Nf4 29. Kh2 Qd8 30. Nf5 g6 31. Ng3 Rab8 32. Rg1 Qh4 33. Nge4 Qxh3+ 34. Rxh3 Rxb2 35. Rxh6 Kg7 36. Rh4 g5 37. Nxg5 Rxd2 38. Rh1 Rxc4 39. Rh7+ Kg6 0-1

[Event "Oberliga Sued W 9394"]
[Site "Germany"]
[Date "1993.??.??"]
[Round "?"]
[White "Boenisch, Annika"]
[Black "Mueller, Hans Georg"]
[Result "0-1"]
[WhiteElo "2160"]
[BlackElo "2270"]
[PlyCount "58"]
[EventDate "1993.10.??"]
[EventType "team"]
[EventRounds "11"]
[EventCountry "GER"]
[SourceTitle "EXT 2000"]
[Source "ChessBase"]
[SourceDate "1999.11.16"]
[SourceVersion "1"]
[SourceVersionDate "1999.11.16"]
[SourceQuality "1"]

1. d4 Nf6 2. c4 c5 3. d5 b5 4. cxb5 a6 5. b6 Qxb6 6. Nc3 g6 7. e4 d6 8. a4 Bg7 9. Qc2 0-0 10. Nf3 e6 11. Bc4 exd5 12. Nxd5 Nxd5 13. Bxd5 Nc6 14. 0-0 Nb4 15. Qc4 Nxd5 16. Qxd5 Bb7 17. Qd3 Rfe8 18. Nd2 a5 19. Rd1 Bd4 20. g3 Re6 21. Kg2 Rae8 22. f3 d5 23. Qb5 dxe4 24. Nxe4 Bxe4 25. fxe4 Qd8 26. Be3 Rb6 27. Qd3 Rxb2+ 28. Kh1 Qa8 29. Bxd4 Rxe4 0-1